Gateway to science / (Record no. 179708)
[ view plain ]
| 000 -LEADER | |
|---|---|
| fixed length control field | 01147 a2200193 4500 |
| 003 - CONTROL NUMBER IDENTIFIER | |
| control field | Nust |
| 005 - DATE AND TIME OF LATEST TRANSACTION | |
| control field | 20230705093733.0 |
| 020 ## - INTERNATIONAL STANDARD BOOK NUMBER | |
| International Standard Book Number | 0070296537 |
| 040 ## - CATALOGING SOURCE | |
| Transcribing agency | Nust |
| 082 ## - DEWEY DECIMAL CLASSIFICATION NUMBER | |
| Classification number | 510,HOL |
| 100 ## - MAIN ENTRY--PERSONAL NAME | |
| Personal name | Holmes J, Neal |
| 9 (RLIN) | 113350 |
| 245 ## - TITLE STATEMENT | |
| Title | Gateway to science / |
| Statement of responsibility, etc. | Neal J. Holmes and John B Leake |
| 250 ## - EDITION STATEMENT | |
| Edition statement | Teacher's edition level 3 |
| 260 ## - PUBLICATION, DISTRIBUTION, ETC. | |
| Place of publication, distribution, etc. | New york |
| Name of publisher, distributor, etc. | McGraw Hill |
| Date of publication, distribution, etc. | 1979 |
| 300 ## - PHYSICAL DESCRIPTION | |
| Extent | 286p |
| 505 ## - FORMATTED CONTENTS NOTE | |
| Formatted contents note | Food and You (Page-13), Molds are Everywhere (Page-23), Earthworms (Page-31), The Biggest Cat in the World (Page-39), How Blood Works (Page-49), Find the Soil (Page-59), Making and Changing Rocks (Page-69), The Earth Moves (Page-79), Ferns to Coal (Page-93), Mix and Match (Page-107), Bright Bits of Light (Page-121), Shadows (Page-135), Electricity in Circuits (Page-147), Moving Things with Metal (Page-157), How Water Works (Page-169), Water in Holes (Page-183), Things that Disappear in Water (Page-197), Running Water (Page-207), Guessing Counting and Estimating (Page-221), Trash and Litter (Page-233), Accident Calendars (Page-247), Where are Things (Page-263). |
| 650 ## - SUBJECT ADDED ENTRY--TOPICAL TERM | |
| Topical term or geographic name entry element | Gateway to science |
| 9 (RLIN) | 113351 |
| 942 ## - ADDED ENTRY ELEMENTS (KOHA) | |
| Source of classification or shelving scheme | |
| Koha item type | Book Bank |
| Withdrawn status | Lost status | Source of classification or shelving scheme | Damaged status | Not for loan | Permanent Location | Current Location | Shelving location | Date acquired | Full call number | Barcode | Date last seen | Price effective from | Koha item type | Public note |
|---|---|---|---|---|---|---|---|---|---|---|---|---|---|---|
| Military College of Signals (MCS) | Military College of Signals (MCS) | General Stacks | 12/12/2016 | 510,HOL | MCS20800 | 12/08/2016 | 12/12/2016 | Book | Almirah No.76, Shelf No.3 | |||||
| Military College of Signals (MCS) | Military College of Signals (MCS) | General Stacks | 12/12/2016 | 510,HOL | MCS21181 | 12/08/2016 | 12/12/2016 | Book | Almirah No.82, Shelf No.1 |
